Tejidos Navajos (Record no. 10142)

MARC details
000 -CABECERA
campo de control de longitud fija 01155nam a2200289 a 4500
001 - NÚMERO DE CONTROL
campo de control BRL_1330
005 - FECHA Y HORA DE LA ÚLTIMA TRANSACCIÓN
campo de control 20190320211143.0
008 - DATOS DE LONGITUD FIJA--INFORMACIÓN GENERAL
campo de control de longitud fija 070114s1988----mx-ab#####---#000-0#spa-#
020 ## - NÚMERO INTERNACIONAL ESTÁNDAR DEL LIBRO
Número Internacional Estándar del Libro 9686191089
041 ## - CÓDIGO DE LENGUA
Código de lengua del texto/banda sonora o título independiente spa
044 ## - CÓDIGO DEL PAÍS DE LA ENTIDAD EDITORA/PRODUCTORA
Código MARC del país mx
050 #4 - SIGNATURA TOPOGRÁFICA DE LA BIBLIOTECA DEL CONGRESO
Número de clasificación E99.N3
Número de documento/Ítem .T45 1988
245 10 - MENCIÓN DE TÍTULO
Título Tejidos Navajos
Resto del título diseños indígenas : Centro Cultural-Arte Contemporaneo, julio-octubre 1988
Mención de responsabilidad, etc. Fotografía The Machida City Museum, Tokio ; traducción Carmen Corona.
260 ## - PUBLICACIÓN, DISTRIBUCIÓN, ETC.
Lugar de publicación, distribución, etc. México
Nombre del editor, distribuidor, etc. Fundación Cultural Televisa : Centro Cultural / Arte Contemporáneo
Fecha de publicación, distribución, etc. 1988
300 ## - DESCRIPCIÓN FÍSICA
Extensión 55 p.
Otras características físicas il., láminas, mapas
Dimensiones 29 cm.
500 ## - NOTA GENERAL
Nota general Au1595
500 ## - NOTA GENERAL
Nota general Traducción de: Walk in beauty, the Navajo and their Blankets.
504 ## - NOTA DE BIBLIOGRAFÍA, ETC.
Nota de bibliografía, etc. Bibliografía: p. 55
600 14 - PUNTO DE ACCESO ADICIONAL DE MATERIA--NOMBRE DE PERSONA
Nombre de persona Berlant, Anthony
Subdivisión de forma Catálogos
Subdivisión general Colección etnológica
9 (RLIN) 26545
650 14 - PUNTO DE ACCESO ADICIONAL DE MATERIA--TÉRMINO DE MATERIA
Término de materia o nombre geográfico como elemento de entrada Navajos
Subdivisión de forma Catálogos
Subdivisión general Fábricas textiles
9 (RLIN) 26546
650 14 - PUNTO DE ACCESO ADICIONAL DE MATERIA--TÉRMINO DE MATERIA
Término de materia o nombre geográfico como elemento de entrada Fábricas textiles indígenas
Subdivisión de forma Catálogos
Subdivisión geográfica México
9 (RLIN) 26547
650 14 - PUNTO DE ACCESO ADICIONAL DE MATERIA--TÉRMINO DE MATERIA
Término de materia o nombre geográfico como elemento de entrada Navajos
Subdivisión de forma Catálogos
Subdivisión general Antigüedades
9 (RLIN) 26548
700 1# - PUNTO DE ACCESO ADICIONAL--NOMBRE DE PERSONA
Nombre de persona Corona, Carmen
Término indicativo de función/relación tr.
9 (RLIN) 6833
710 2# - PUNTO DE ACCESO ADICIONAL--NOMBRE DE ENTIDAD CORPORATIVA
Nombre de entidad corporativa o nombre de jurisdicción como elemento de entrada Centro Cultural/Arte Contemporáneo (Mexico)
9 (RLIN) 3725
902 ## - CATALOGADOR
Iniciales GRL
942 ## - ELEMENTOS DE PUNTO DE ACCESO ADICIONAL (KOHA)
Fuente del sistema de clasificación o colocación Library of Congress Classification
Tipo de ítem Koha Libros
Holdings
Estado de retiro Estado de pérdida Estado dañado No para préstamo Localización permanente Ubicación/localización actual Fecha de adquisición Número de inventario Total de préstamos Signatura topográfica completa Código de barras Fecha visto por última vez Precio válido a partir de Tipo de ítem Koha
El ejemplar forma parte de la colección y puede ser consultado según las políticas vigentes.       Biblioteca Centro de Estudios Ruth D. Lechuga Biblioteca Centro de Estudios Ruth D. Lechuga 07/01/2014 Au1595   E99.N3 .T45 1988 (Au1595) GRL01489 22/03/2019 22/03/2019 Libros